1498 1390 1288 1167 1672 1096 1381 1680 1424 1460 1037 1131 1998 1357 1434 1277 1449 1427 1815 1439 1613 1327 1230 1489 1653 1121 1394 1289 1340 1202 1763 1707 1146 1949 1729 1448 1924 1336 1783 1808 1774 1125 1182 1559 1061 1296 1241 1036 1136 1348 1373 1207 1571 1451 1368 1790 1187 1310 1329 1892 1631 1215 1189 1259 1236 1191 1403 1907 1943 1327 1616 1454 1031 1173 1633 1752 1251 1135 1218 1767 1001 1064 1357 1378 1329 1612 1823 1748 1830 1215 1986 1727 1935 1677 1256 1608 1402 1662 1645 BCNSPRNW ULIB Ver.6.0+V

เปลี่ยนเป็นภาษาไทย

Change to English
 แสดงรายละเอียดบรรณานุกรม
  กลับหน้าหลัก

Brief Record : Get Marc (ISO 2709) : E-mail record : QR code < ปิดหน้าต่าง
LEADER : 00000nam 2200000uu 4500
001    13399123007
003     ULIB
008    131128s2555||||th 000 0 tha d
020    ^a9786162142468
090    ^aนว.^bพ656พ ล.6
100    ^aพนมเทียน
245    ^aเพชรพระอุมา : ดงมรณะ ล.2 /^cพนมเทียน
250    ^aพิมพ์ครั้งที่ 6
260    ^aกรุงเทพฯ :^bณ บ้านวรรณกรรม,^c2555
300    ^a455 หน้า
945    ^p225^l0^i034210
999    ^aเกษร โพธิ์สุวรรณ
รายการนี้ยังไม่มีแท็ก
คุณยังไม่ได้ล็อกอิน คุณสามารถมีกิจกรรมร่วมกับเว็บไซต์ได้ แต่ต้องล็อกอินก่อน ::
  ล็อกอิน

รายการสื่อสารสนเทศ

ลำดับที่ ประเภท เลขเรียก/บาร์โค้ด สถานที่ สถานะ
1. นวนิยาย
นวนิยาย
นว. พ656พ ล.6  
  Barcode: 034210
ห้องสมุดวิทยาเขตสวรรค์ประชารักษ์
►นวนิยาย
บนชั้น
  ขอยืม

รายการใกล้เคียง
    ผู้แต่ง [พนมเทียน]

BibComment


ยังไม่เคยถูกคอมเมนท์

คอมเมนท์ทรัพยากรรายการนี้
  คอมเมนท์: เพชรพระอุมา ดงม..


 Copyright 2026. Bcnsprnw @Library